Najwyższe wygrane państw CONCACAF - Statystyki

Ogólne statystyki
  • Ten quiz został rozwiązany 26 razy
  • Średni wynik to 19 z 41
Statystyki odpowiedzi
Wygrany Wynik Przegrany % Poprawnych
Barbados 7;1 Anguilla
83%
Grenada 14:1 Anguilla
83%
Gujana 14:0 Anguilla
83%
Montserrat 6:1 Anguilla
83%
Panama 13:0 Anguilla
83%
Salwador 12:0 Anguilla
83%
Saint-Martin 3:1 Anguilla | Montserrat
83%
Brytyjskie Wyspy Dziewicze 5:0 Anguilla | Portoryko | Wyspy Dziewicze Stanów Zjednoczonych
83%
Gwatemala 10:0 Saint Vincent i Grenadyny | Anguilla
83%
Bonaire 5:0 Aruba
75%
Surinam 8:1 Aruba
75%
Trynidad i Tobago 11:0 Aruba
75%
Meksyk 13:0 Bahamy
58%
Stany Zjednoczone Ameryki 8:0 Barbados
50%
Dominika 10:0 Brytyjskie Wyspy Dziewicze
50%
Dominikana 17:0 Brytyjskie Wyspy Dziewicze
50%
Martynika 16:0 Brytyjskie Wyspy Dziewicze
50%
Wyspy Dziewicze Stanów Zjednoczonych 1:0 Brytyjskie Wyspy Dziewicze
50%
Kajmany 9:1 Brytyjskie Wyspy Dziewicze | Sint-Maarten
50%
Anguilla 4:1 Montserrat | Saint Kitts i Nevis
50%
Jamajka 12:0 Saint-Martin | Brytyjskie Wyspy Dziewicze
50%
Antigua i Barbuda 11:0 Wyspy Dziewicze Stanów Zjednoczonych
42%
Saint Lucia 14:0 Wyspy Dziewicze Stanów Zjednoczonych
42%
Aruba 4:1 Kuba
33%
Bermudy 13:0 Montserrat
33%
Saint Vincent i Grenadyny 11:0 Montserrat
33%
Curaçao 14:0 Portoryko
33%
Kostaryka 12:0 Portoryko
33%
Gujana Francuska 4:0 Surinam | Dominika
33%
Kanada 13:2 Kajmany
17%
Portoryko 4:0 Kajmany
17%
Turks i Caicos 7:1 Kajmany
17%
Saint Kitts i Nevis 10:0 Saint-Martin
17%
Bahamy 6:0 Turks i Caicos
17%
Kuba 11:0 Turks i Caicos
17%
Nikaragua 7:0 Turks i Caicos
17%
Sint-Maarten 8:2 Turks i Caicos
17%
Belize 7:1 Nikaragua
8%
Honduras 13:0 Nikaragua
8%
Haiti 13:0 Sint Maarten
8%
Gwadelupa 13:0 Saint-Pierre i Miquelon
0%
Nie znaleziono quizów pasujących do podanych kryteriów
Rozkład punktacji
Procent ludzi z każdym wynikiem
Percentyl według liczby udzielonych odpowiedzi
Twoja historia wyników
Nie rozwiązałeś tego quizu